[Event "11th Reykjavik op"]
[Site "Reykjavik ISL"]
[Date "1984.02.23"]
[Round "8"]
[White "Josteinsson, Leifur"]
[Black "Gretarsson, Andri Ass"]
[Result "0-1"]
[WhiteElo "2275"]
[BlackElo "2225"]
[EventDate "1984.02.14"]
[PlyCount "102"]

1.d4 Nf6 2.c4 g6 3.Nc3 Bg7 4.e4 d6 5.f4 O-O 6.Be2 c5 7.d5 e6 8.Nf3 exd5 9.
cxd5 Re8 10.e5 dxe5 11.fxe5 Ng4 12.e6 fxe6 13.d6 a6 14.Ng5 Ne5 15.O-O b5 
16.Be3 Bb7 17.Qd2 Nbd7 18.Rad1 Qb6 19.b4 Qc6 20.Bf3 Nxf3+ 21.Nxf3 cxb4 22.
Ne2 Bc3 23.Nxc3 bxc3 24.Qd4 e5 25.Qh4 Rf8 26.Qh3 Rae8 27.Ng5 h6 28.Nf3 h5 
29.Nh4 Kg7 30.Rxf8 Rxf8 31.Qe6 Rf6 32.Qe7+ Rf7 33.Bh6+ Kxh6 34.Qxf7 Qe4 
35.Qf2 b4 36.Nf3 a5 37.Re1 Qd5 38.Qe3+ Kg7 39.Qg5 Qxd6 40.Nh4 Qf6 41.Qg3 
Kh6 42.Rf1 Qg5 43.Qe1 Nc5 44.Nf3 Bxf3 45.Rxf3 c2 46.h4 Qd8 47.Qe3+ Kh7 48.
Qxc5 Qd4+ 49.Qxd4 exd4 50.Rf7+ Kh6 51.Rc7 d3 0-1

[Event "11th Reykjavik op"]
[Site "Reykjavik ISL"]
[Date "1984.02.23"]
[Round "8"]
[White "Karlsson, Hilmar"]
[Black "Burger, Karl"]
[Result "1/2-1/2"]
[WhiteElo "2220"]
[BlackElo "2305"]
[EventDate "1984.02.14"]
[PlyCount "22"]

1.e4 c6 2.d4 d5 3.Nd2 dxe4 4.Nxe4 Bf5 5.Ng3 Bg6 6.Nf3 Nd7 7.Bd3 e6 8.O-O 
Ngf6 9.Re1 Be7 10.Ne2 Bxd3 11.Qxd3 O-O 1/2-1/2

[Event "11th Reykjavik op"]
[Site "Reykjavik ISL"]
[Date "1984.02.23"]
[Round "8"]
[White "Knezevic, Milorad"]
[Black "Wesseln, Kai"]
[Result "1-0"]
[WhiteElo "2450"]
[BlackElo "2350"]
[EventDate "1984.02.14"]
[PlyCount "65"]

1.d4 Nf6 2.Nf3 c5 3.c3 b6 4.dxc5 bxc5 5.e4 e6 6.e5 Nd5 7.Bd3 Bb7 8.O-O Be7
9.Qc2 Nc6 10.Na3 f5 11.exf6 Nxf6 12.Bf4 O-O 13.Nb5 Qe8 14.Nd6 Bxd6 15.Bxd6
Qh5 16.Be2 Ng4 17.h3 Nh6 18.Bxf8 Rxf8 19.Qd2 d5 20.Qe3 Rf6 21.Qxc5 Rg6 22.
Qd6 Qxh3 23.Qh2 Qg4 24.Nd4 Qg5 25.Nxc6 Bxc6 26.Bd3 Rf6 27.Qb8+ Rf8 28.Qd6 
Ba8 29.Qxe6+ Kh8 30.Qd6 Rd8 31.Qg3 Qh5 32.Rae1 d4 33.Re7 1-0

[Event "11th Reykjavik op"]
[Site "Reykjavik ISL"]
[Date "1984.02.23"]
[Round "8"]
[White "McCambridge, Vincent"]
[Black "Hector, Jonny"]
[Result "1-0"]
[WhiteElo "2465"]
[BlackElo "2350"]
[EventDate "1984.02.14"]
[PlyCount "88"]

1.d4 Nf6 2.Nf3 d5 3.c4 c6 4.Nc3 dxc4 5.a4 Bf5 6.Ne5 Nbd7 7.Nxc4 Qc7 8.g3 
e5 9.dxe5 Nxe5 10.Bf4 Rd8 11.Qc1 Bd6 12.Nxd6+ Qxd6 13.Bg2 O-O 14.O-O a5 
15.Rd1 Qe7 16.h3 Rxd1+ 17.Qxd1 Rd8 18.Qb3 Nc4 19.e4 Be6 20.Qc2 Nh5 21.Bc1 
h6 22.b3 Ne5 23.Ba3 Qc7 24.Kh2 Qb6 25.Rb1 Nd3 26.Qe2 Qd4 27.Nd1 Nf6 28.f4 
b5 29.Be7 Re8 30.Bxf6 gxf6 31.Ne3 Qc3 32.Ng4 Kg7 33.Qf3 Bxb3 34.axb5 a4 
35.e5 Bd5 36.Qe3 f5 37.Nf6 Bxg2 38.Nxe8+ Kf8 39.Rd1 Be4 40.Nd6 cxb5 41.g4 
Qc2+ 42.Rd2 Qb1 43.Nxf5 Qh1+ 44.Kg3 Nc5 1-0

[Event "11th Reykjavik op"]
[Site "Reykjavik ISL"]
[Date "1984.02.23"]
[Round "8"]
[White "Nykopp, Jan-Michael"]
[Black "Halldorsson, Gudmundur"]
[Result "1-0"]
[WhiteElo "2300"]
[BlackElo "2260"]
[EventDate "1984.02.14"]
[PlyCount "87"]

1.e4 e5 2.Nf3 Nc6 3.Bb5 a6 4.Bxc6 dxc6 5.O-O Qd6 6.d4 exd4 7.Nxd4 Bd7 8.
Be3 O-O-O 9.Nd2 Nh6 10.f3 f5 11.c3 f4 12.Bf2 g5 13.Nc4 Qf6 14.Qb3 g4 15.e5
Qg5 16.e6 Be8 17.fxg4 Nxg4 18.Nf3 Qh5 19.Bd4 Bc5 20.h3 Nf6 21.Rae1 Rg8 22.
Bxc5 Qxc5+ 23.Kh2 Qh5 24.Nce5 Bg6 25.e7 Rd6 26.Qxg8+ Nxg8 27.Nxg6 Nf6 28.
e8=Q+ Nxe8 29.Rxe8+ Kd7 30.Rh8 Rxg6 31.Re1 Rg7 32.Rd1+ Ke6 33.Re1+ Kf6 34.
Rhe8 Qd5 35.R1e4 Kf7 36.R8e5 Qd7 37.Rxf4+ Kg8 38.Rd4 Qc8 39.Rde4 Kf8 40.
Ng5 Rd7 41.Ne6+ Kf7 42.Rf5+ Kg6 43.Rf8 Rd8 44.Rxd8 1-0

[Event "11th Reykjavik op"]
[Site "Reykjavik ISL"]
[Date "1984.02.23"]
[Round "8"]
[White "Ostermeyer, Peter"]
[Black "Gudmundsson, Elvar"]
[Result "1-0"]
[WhiteElo "2460"]
[BlackElo "2330"]
[EventDate "1984.02.14"]
[PlyCount "89"]

1.d4 Nf6 2.c4 e6 3.Nf3 d5 4.Nc3 Be7 5.Bg5 h6 6.Bh4 O-O 7.e3 b6 8.Bd3 Bb7 
9.O-O c5 10.Qe2 cxd4 11.exd4 dxc4 12.Bxc4 Nc6 13.Rad1 Nb4 14.Ne5 Nbd5 15.
Bxf6 Bxf6 16.Ne4 Rc8 17.f4 Qe7 18.f5 exf5 19.Rxf5 Bxe5 20.Rxe5 Qd7 21.Bb3 
Kh8 22.Qd2 f6 23.Rh5 f5 24.Nf2 f4 25.Nd3 Ne3 26.Nxf4 Rxf4 27.Qxe3 Qg4 28.
Qh3 Qg6 29.d5 Rcf8 30.Rh4 R4f6 31.Qg3 Ba6 32.Rc4 Bxc4 33.Bxc4 Qc2 34.Qd3 
Qxb2 35.d6 Qe5 36.d7 Rd8 37.h3 Qc5+ 38.Kh1 Qe7 39.Bb5 Qf8 40.Re1 Qc5 41.
Re8+ Rf8 42.Qf1 Qd6 43.Qe2 Qb8 44.Qe7 a6 45.Qxf8+ 1-0

[Event "11th Reykjavik op"]
[Site "Reykjavik ISL"]
[Date "1984.02.23"]
[Round "8"]
[White "Ree, Hans"]
[Black "Hjartarson, Johann"]
[Result "0-1"]
[WhiteElo "2480"]
[BlackElo "2415"]
[EventDate "1984.02.14"]
[PlyCount "52"]

1.d4 Nf6 2.c4 e6 3.Nf3 d5 4.Bg5 Be7 5.Nc3 h6 6.Bh4 O-O 7.Qc2 b6 8.Bxf6 
Bxf6 9.e4 Nc6 10.O-O-O dxe4 11.Qxe4 Bb7 12.h4 Rb8 13.Bd3 g6 14.Qg4 Bg7 15.
Be2 Ne7 16.h5 g5 17.Ne5 Nf5 18.Bf3 c5 19.dxc5 Qc7 20.Nd7 Bxc3 21.bxc3 bxc5
22.Nxf8 Qa5 23.Kd2 Nd4 24.Ke1 Nxf3+ 25.Kf1 Qa4 26.Rd6 f5 0-1

[Event "11th Reykjavik op"]
[Site "Reykjavik ISL"]
[Date "1984.02.23"]
[Round "8"]
[White "Schneider, Lars-Aake"]
[Black "Chandler, Murray Graham"]
[Result "1-0"]
[WhiteElo "2440"]
[BlackElo "2515"]
[EventDate "1984.02.14"]
[PlyCount "67"]

1.e4 c5 2.Nf3 d6 3.d4 Nf6 4.Nc3 cxd4 5.Nxd4 a6 6.f4 e5 7.Nf3 Nbd7 8.Bd3 b5
9.O-O g6 10.Qe1 Bg7 11.a4 b4 12.Nd1 a5 13.Kh1 O-O 14.f5 Bb7 15.Qh4 Nxe4 
16.Ng5 Nef6 17.fxg6 hxg6 18.Ne3 d5 19.Bd2 Re8 20.Ng4 Ba6 21.Rf2 Bxd3 22.
cxd3 Ra6 23.Raf1 Rc6 24.Be3 Qe7 25.Rf3 d4 26.Bd2 Rc2 27.Rxf6 Nxf6 28.Rxf6 
Rxd2 29.Rf1 Rc8 30.h3 Rdc2 31.Qh7+ Kf8 32.Nh6 Qxg5 33.Rxf7+ Ke8 34.Qg8+ 
1-0

[Event "11th Reykjavik op"]
[Site "Reykjavik ISL"]
[Date "1984.02.23"]
[Round "8"]
[White "Schuessler, Harry"]
[Black "Hoei, Carsten"]
[Result "1-0"]
[WhiteElo "2445"]
[BlackElo "2400"]
[EventDate "1984.02.14"]
[PlyCount "61"]

1.e4 Nc6 2.d4 e5 3.dxe5 Nxe5 4.Nf3 Nxf3+ 5.Qxf3 d6 6.Bc4 Nf6 7.Qb3 Qe7 8.
O-O c6 9.Bg5 h6 10.Bh4 b5 11.Bd3 Bd7 12.a4 bxa4 13.Rxa4 g5 14.Bg3 Nh5 15.
Rxa7 Rxa7 16.Qb8+ Qd8 17.Qxa7 Nxg3 18.hxg3 Bg7 19.Nd2 O-O 20.Nc4 Be6 21.b3
d5 22.Na5 dxe4 23.Nxc6 Qd6 24.Bxe4 Re8 25.Bf3 g4 26.Rd1 Qf8 27.Bd5 Bf5 28.
c4 Bg6 29.b4 Kh7 30.b5 Re2 31.b6 1-0

[Event "11th Reykjavik op"]
[Site "Reykjavik ISL"]
[Date "1984.02.23"]
[Round "8"]
[White "Sigurjonsson, Gudmundur"]
[Black "Thorsteins, Karl"]
[Result "0-1"]
[WhiteElo "2470"]
[BlackElo "2375"]
[EventDate "1984.02.14"]
[PlyCount "92"]

1.e4 c5 2.Nf3 Nc6 3.d4 cxd4 4.Nxd4 Nf6 5.Nc3 d6 6.Bc4 Qb6 7.Nb3 e6 8.O-O 
Be7 9.a4 O-O 10.a5 Qc7 11.Bd3 Rd8 12.f4 Nb4 13.Be3 e5 14.Kh1 Bg4 15.Qe1 
Be6 16.Nd2 d5 17.fxe5 Qxe5 18.Nf3 Qh5 19.e5 Nd7 20.Bf4 Nc5 21.Qe2 d4 22.
Ne4 Nbxd3 23.cxd3 Nxe4 24.Qxe4 Bd5 25.Qe2 Rac8 26.Bg3 Qg4 27.Qf2 Bb3 28.
Rfc1 Rxc1+ 29.Rxc1 Bb4 30.h3 Qd7 31.Bh4 Re8 32.Nxd4 Bd5 33.Nf5 Rxe5 34.Rf1
h6 35.d4 Re6 36.Bg3 Qe8 37.Be5 f6 38.Qg3 Qd7 39.Nxh6+ Kh7 40.Ng4 fxe5 41.
Nxe5 Qe8 42.Qd3+ Kg8 43.a6 bxa6 44.Qg3 Bd6 45.Qg4 Bxe5 46.dxe5 Rg6 0-1

[Event "11th Reykjavik op"]
[Site "Reykjavik ISL"]
[Date "1984.02.23"]
[Round "8"]
[White "Taylor, Gordon"]
[Black "Johannesson, Larus"]
[Result "1-0"]
[WhiteElo "2325"]
[BlackElo "2300"]
[EventDate "1984.02.14"]
[PlyCount "83"]

1.d4 Nf6 2.c4 e6 3.g3 c5 4.Nf3 a6 5.Bg2 cxd4 6.Nxd4 Qc7 7.Qd3 d5 8.Nd2 e5 
9.Nc2 dxc4 10.Qxc4 Nc6 11.Ne4 Nxe4 12.Qxe4 Be6 13.O-O Rd8 14.Bg5 Be7 15.
Bxe7 Qxe7 16.Qa4 Bd7 17.Qb3 b5 18.a4 O-O 19.axb5 axb5 20.Rfd1 Rc8 21.Rd2 
Bf5 22.Qxb5 Qg5 23.e3 Ne7 24.Qxe5 Ng6 25.Qa5 Qf6 26.Nd4 Bg4 27.h3 Be6 28.
b4 Ne5 29.Qa6 Rcd8 30.Rdd1 h5 31.Nxe6 fxe6 32.Rxd8 Rxd8 33.Qf1 Nd3 34.Rb1 
Rb8 35.b5 Nc5 36.b6 Nb7 37.Qc4 Rf8 38.Bxb7 Qxf2+ 39.Kh1 Qxg3 40.Bg2 Rf2 
41.Qxe6+ Kf8 42.Qe4 1-0

[Event "11th Reykjavik op"]
[Site "Reykjavik ISL"]
[Date "1984.02.24"]
[Round "9"]
[White "Bjarnason, Saevar"]
[Black "Kristjansson, Bragi"]
[Result "0-1"]
[WhiteElo "2375"]
[BlackElo "2295"]
[EventDate "1984.02.14"]
[PlyCount "60"]

1.e4 e6 2.d4 d5 3.Nc3 Bb4 4.Ne2 dxe4 5.a3 Be7 6.Nxe4 Nc6 7.Bf4 Nf6 8.Qd3 
O-O 9.O-O-O b6 10.Nxf6+ Bxf6 11.Qg3 Bh4 12.Qc3 Bb7 13.g3 Bf6 14.Bg2 Nxd4 
15.Nxd4 Bxg2 16.Rhg1 Qd5 17.Bxc7 Rac8 18.Qb4 Be4 19.Nb5 Qc6 20.c3 a5 21.
Qb3 Rxc7 22.Nxc7 Qxc7 23.Rge1 Bf5 24.Rd2 Qc6 25.a4 Rc8 26.Qa3 h6 27.h4 g5 
28.hxg5 hxg5 29.Kd1 Qf3+ 30.Ree2 Bd3 0-1

[Event "11th Reykjavik op"]
[Site "Reykjavik ISL"]
[Date "1984.02.24"]
[Round "9"]
[White "Burger, Karl"]
[Black "Halldorsson, Bragi"]
[Result "1-0"]
[WhiteElo "2305"]
[BlackElo "2250"]
[EventDate "1984.02.14"]
[PlyCount "119"]

1.d4 c6 2.c4 d5 3.Nf3 Nf6 4.Nc3 dxc4 5.a4 Bf5 6.Ne5 e6 7.f3 Bb4 8.Bg5 Qa5 
9.Qc1 Nd5 10.Nxc4 Nxc3 11.Nxa5 Ne4+ 12.Bd2 Bxd2+ 13.Qxd2 Nxd2 14.Kxd2 b6 
15.Nc4 Ke7 16.e4 Bg6 17.Ke3 Nd7 18.b4 f6 19.Be2 Bf7 20.Rhc1 e5 21.dxe5 
fxe5 22.Na3 a5 23.bxa5 Rxa5 24.Rxc6 Rxa4 25.Bb5 Ra7 26.Nc2 Rxa1 27.Nxa1 
Ra8 28.Rc7 Be6 29.Nc2 Ra5 30.Bxd7 Bxd7 31.Nb4 Kd6 32.Rb7 b5 33.h4 Ra3+ 34.
Kf2 Rb3 35.Nd5 Rb2+ 36.Kg3 Rc2 37.Rb6+ Kc5 38.Rb7 Kd6 39.Rb8 Rc8 40.Rb6+ 
Bc6 41.Ra6 Ra8 42.Rxa8 Bxa8 43.Ne3 Kc5 44.Kf2 Kb4 45.Ke2 Bc6 46.Kd2 Kb3 
47.Ng4 b4 48.Nxe5 Bb5 49.f4 Ka2 50.Nf3 b3 51.Ke3 b2 52.Nd2 b1=Q 53.Nxb1 
Kxb1 54.g4 Kc2 55.Kd4 Kd2 56.f5 Ke2 57.e5 Kf3 58.g5 Be8 59.e6 Kf4 60.f6 
1-0

[Event "11th Reykjavik op"]
[Site "Reykjavik ISL"]
[Date "1984.02.24"]
[Round "9"]
[White "Chandler, Murray Graham"]
[Black "Knezevic, Milorad"]
[Result "1-0"]
[WhiteElo "2515"]
[BlackElo "2450"]
[EventDate "1984.02.14"]
[PlyCount "92"]

1.e4 e5 2.Nf3 Nc6 3.Bb5 Nf6 4.O-O Nxe4 5.d4 Be7 6.Qe2 Nd6 7.Bxc6 bxc6 8.
dxe5 Nb7 9.Nc3 O-O 10.Re1 Nc5 11.Be3 Ne6 12.Rad1 d5 13.exd6 cxd6 14.Nd4 
Nxd4 15.Bxd4 Be6 16.Ne4 Re8 17.Qf3 f6 18.h3 Bf7 19.Ng3 d5 20.Nf5 Bf8 21.
Rxe8 Bxe8 22.c4 Bg6 23.cxd5 Bxf5 24.Qxf5 Qxd5 25.Qxd5+ cxd5 26.Kf1 a6 27.
Ke2 Rc8 28.Be3 Rb8 29.b3 Rb5 30.Rc1 a5 31.Kd3 Kf7 32.Rc7+ Kg6 33.Ra7 Bc5 
34.Bxc5 Rxc5 35.a4 d4 36.Kxd4 Rc2 37.Rxa5 Rxf2 38.g4 Rf3 39.Rb5 Rxh3 40.a5
Rh1 41.b4 Rd1+ 42.Kc4 Ra1 43.Rh5 Rg1 44.Rd5 Rxg4+ 45.Kc5 Rg1 46.a6 h5 1-0

[Event "11th Reykjavik op"]
[Site "Reykjavik ISL"]
[Date "1984.02.24"]
[Round "9"]
[White "Cramling, Pia"]
[Black "Nykopp, Jan-Michael"]
[Result "1-0"]
[WhiteElo "2405"]
[BlackElo "2300"]
[EventDate "1984.02.14"]
[PlyCount "135"]

1.e4 e5 2.Bc4 Nf6 3.d3 Nc6 4.Nf3 Be7 5.O-O O-O 6.Re1 d6 7.c3 Na5 8.Bb5 Bd7
9.Bxd7 Nxd7 10.Nbd2 Bf6 11.Nf1 g6 12.g4 Bg7 13.Ng3 Nc6 14.h4 Nf6 15.g5 Ne8
16.Qb3 Na5 17.Qa4 c5 18.Kg2 a6 19.b4 Nc6 20.Be3 cxb4 21.cxb4 Qd7 22.h5 Nc7
23.hxg6 fxg6 24.Qb3+ Qf7 25.Qxf7+ Rxf7 26.Rab1 Ne6 27.Ne2 Raf8 28.Nd2 Ncd4
29.Rbc1 Nxe2 30.Rxe2 Rd8 31.Nc4 d5 32.Nb6 dxe4 33.dxe4 Bf8 34.Nd5 Be7 35.
Rd2 Re8 36.Nxe7+ Rfxe7 37.Rd5 Nc7 38.Rdc5 Nb5 39.Rd1 Nd4 40.Rd5 Nc6 41.Bc5
Rf7 42.Rd7 Nd4 43.Rd5 Nc6 44.a3 Kg7 45.R5d2 h6 46.gxh6+ Kxh6 47.Rd7 Rxd7 
48.Rxd7 Nd4 49.Rxb7 Nc2 50.a4 Rc8 51.a5 Kg5 52.Kg3 Nd4 53.Rb6 Ne2+ 54.Kf3 
Nd4+ 55.Ke3 Nb3 56.Re6 Nxc5 57.Rxe5+ Kf6 58.Rxc5 Rb8 59.Rc6+ Kg5 60.f4+ 
Kh5 61.Rb6 Ra8 62.e5 g5 63.f5 g4 64.f6 g3 65.Kf3 Kg6 66.Kxg3 Kf5 67.f7 
Kxe5 68.Rxa6 1-0

[Event "11th Reykjavik op"]
[Site "Reykjavik ISL"]
[Date "1984.02.24"]
[Round "9"]
[White "Einarsson, Halldor"]
[Black "Johannesson, Larus"]
[Result "1/2-1/2"]
[WhiteElo "2285"]
[BlackElo "2300"]
[EventDate "1984.02.14"]
[PlyCount "118"]

1.e4 c5 2.Nf3 e6 3.d4 cxd4 4.Nxd4 Nc6 5.Nb5 d6 6.c4 Nf6 7.N1c3 a6 8.Na3 
Be7 9.Be2 O-O 10.O-O b6 11.Be3 Ne5 12.f3 Bb7 13.Qe1 Re8 14.Qf2 Ned7 15.
Rfd1 Rc8 16.Rd2 d5 17.exd5 exd5 18.Nxd5 Nxd5 19.cxd5 Bb4 20.Rd4 Bc5 21.Re4
Nf6 22.Rxe8+ Nxe8 23.Rd1 Bxe3 24.Qxe3 Nd6 25.Bd3 Rc5 26.Bb1 g6 27.Be4 Qc7 
28.Nb1 f5 29.Bd3 Rxd5 30.Nc3 Rc5 31.Qe6+ Nf7 32.Bxa6 Rxc3 33.Bxb7 Rc1 34.
Rxc1 Qxc1+ 35.Kf2 Qxb2+ 36.Kg3 Kg7 37.h4 Qd4 38.Bd5 Qe5+ 39.Qxe5+ Nxe5 40.
Kf4 Kf6 41.g4 fxg4 42.fxg4 Nd3+ 43.Ke3 Nc5 44.g5+ Kf5 45.Kf3 Nd7 46.Bg8 
Ne5+ 47.Kg3 Nc6 48.Bxh7 Ne7 49.a3 b5 50.Kf3 b4 51.axb4 Nc6 52.Bg8 Nxb4 53.
Bc4 Nc6 54.Bd3+ Ke6 55.Be4 Ne7 56.Kf4 Kf7 57.Ke5 Kg7 58.Bd5 Nf5 59.h5 Nh6 
1/2-1/2

[Event "11th Reykjavik op"]
[Site "Reykjavik ISL"]
[Date "1984.02.24"]
[Round "9"]
[White "Gudmundsson, Elvar"]
[Black "Karlsson, Hilmar"]
[Result "0-1"]
[WhiteElo "2330"]
[BlackElo "2220"]
[EventDate "1984.02.14"]
[PlyCount "88"]

1.d4 Nf6 2.Nf3 e6 3.Bg5 c5 4.e3 b6 5.Bd3 cxd4 6.exd4 Ba6 7.Bxa6 Nxa6 8.O-O
Be7 9.Qe2 Qc8 10.Nbd2 Nb4 11.c3 Qa6 12.Nc4 d5 13.Bxf6 Bxf6 14.Nd6+ Ke7 15.
Nb5 Nc6 16.c4 Rad8 17.Rfe1 dxc4 18.Qxc4 Rc8 19.d5 Nb8 20.Qb4+ Rc5 21.a4 
Qb7 22.dxe6 fxe6 23.Nfd4 e5 24.Nb3 Na6 25.Qa3 Rd8 26.Rad1 Qe4 27.Nc3 Rxd1 
28.Rxd1 Qc2 29.Rd2 Qf5 30.Nxc5 Nxc5 31.b4 Ne6 32.Nd5+ Kf7 33.Ne3 Qe4 34.
Qb3 Ke7 35.Qd5 Qxb4 36.Qb7+ Ke8 37.Qc8+ Kf7 38.Rd7+ Be7 39.Qb7 Nf4 40.g3 
Qe1+ 41.Nf1 Nh3+ 42.Kg2 Qxf2+ 43.Kxh3 Qxf1+ 44.Kg4 h5+ 0-1

[Event "11th Reykjavik op"]
[Site "Reykjavik ISL"]
[Date "1984.02.24"]
[Round "9"]
[White "Halldorsson, Gudmundur"]
[Black "Petursson, Palmi"]
[Result "0-1"]
[WhiteElo "2260"]
[BlackElo "2370"]
[EventDate "1984.02.14"]
[PlyCount "68"]

1.e4 c5 2.Nf3 Nc6 3.c3 d5 4.exd5 Qxd5 5.d4 e6 6.Na3 cxd4 7.Nb5 Bd6 8.Bc4 
Qe4+ 9.Be3 Bb8 10.cxd4 Nf6 11.O-O O-O 12.Nc3 Qf5 13.Bd3 Qh5 14.h3 Rd8 15.
Be2 Qa5 16.a3 e5 17.Nb5 Rd7 18.Qb3 e4 19.Nd2 a6 20.Nc3 Qc7 21.f4 Nxd4 22.
Bxd4 Rxd4 23.Rad1 Be6 24.Qc2 Nd5 25.Ndxe4 Ne3 26.Qb1 Nxd1 27.Bxd1 Bc4 28.
Rf3 f5 29.Ng3 Rxf4 30.Nxf5 Rxf3 31.Bxf3 Qh2+ 32.Kf2 Ba7+ 33.Ne3 Re8 34.Ne4
Qf4 0-1

[Event "11th Reykjavik op"]
[Site "Reykjavik ISL"]
[Date "1984.02.24"]
[Round "9"]
[White "Hansson, Dan"]
[Black "Benedictsson, Benony"]
[Result "1-0"]
[WhiteElo "2320"]
[BlackElo "2355"]
[EventDate "1984.02.14"]
[PlyCount "123"]

1.Nf3 d5 2.d4 Nf6 3.c4 dxc4 4.Qa4+ Nc6 5.e3 Bd7 6.Bxc4 e6 7.Qd1 Bb4+ 8.Nc3
Ne4 9.Qc2 f5 10.O-O Nd6 11.Bd3 Qf6 12.a3 Bxc3 13.bxc3 g5 14.e4 fxe4 15.
Bxe4 g4 16.Nd2 O-O-O 17.Bd3 Qg7 18.Ne4 Nf5 19.Rb1 Rdf8 20.Nc5 b6 21.Ba6+ 
Kd8 22.Nxd7 Qxd7 23.Bg5+ Nce7 24.Qe4 Qd5 25.Rfe1 Kd7 26.Bxe7 Nxe7 27.Qe2 
Rf6 28.Rb5 Qd6 29.Re5 Rhf8 30.Bc4 Nd5 31.Bxd5 exd5 32.Qxg4+ Kd8 33.Qh5 Kc8
34.Rxd5 Qxa3 35.Qg4+ Kb7 36.Qe4 Rc6 37.Rd7 Rc8 38.c4 Qa4 39.c5 Kb8 40.cxb6
axb6 41.Re7 Rd6 42.Rb1 Qxd4 43.Qxd4 Rxd4 44.Rxh7 Rcd8 45.h4 Rd1+ 46.Rxd1 
Rxd1+ 47.Kh2 b5 48.Re7 Rd4 49.Kg3 b4 50.h5 Kb7 51.h6 Kb6 52.Re8 Rd7 53.
Rb8+ Ka5 54.Kf4 c5 55.g4 c4 56.g5 c3 57.Rc8 Rh7 58.Kf5 Ka4 59.g6 b3 60.
gxh7 b2 61.Ra8+ Kb3 62.Rb8+ 1-0

[Event "11th Reykjavik op"]
[Site "Reykjavik ISL"]
[Date "1984.02.24"]
[Round "9"]
[White "Hector, Jonny"]
[Black "Lagerman, Robert"]
[Result "0-1"]
[WhiteElo "2350"]
[BlackElo "2295"]
[EventDate "1984.02.14"]
[PlyCount "90"]

1.Nc3 d5 2.e4 d4 3.Nce2 e5 4.f4 exf4 5.Nxf4 Bd6 6.d3 Ne7 7.c3 Ng6 8.Nxg6 
hxg6 9.Qa4+ Nc6 10.Nf3 Bg4 11.Bg5 f6 12.Bd2 Bg3+ 13.hxg3 Rxh1 14.Nxd4 Qd7 
15.Nxc6 Qxc6 16.Qxc6+ bxc6 17.Be3 O-O-O 18.Kf2 Kb8 19.Re1 Re8 20.Bc5 g5 
21.b4 f5 22.e5 f4 23.d4 Be6 24.a4 Reh8 25.b5 fxg3+ 26.Ke3 cxb5 27.axb5 
R8h4 28.Rb1 Bd5 29.Bd3 Rxb1 30.Bxb1 Bxg2 31.e6 Bd5 32.e7 Rh8 33.Bg6 g2 34.
Kf2 Rh1 35.e8=Q+ Kb7 36.Qc6+ Bxc6 37.bxc6+ Kxc6 38.Kxg2 Rc1 39.Bb4 Kb5 40.
d5 a5 41.Bd3+ Ka4 42.Be7 Rxc3 43.Be4 Re3 44.Bc2+ Kb5 45.d6 cxd6 0-1

[Event "11th Reykjavik op"]
[Site "Reykjavik ISL"]
[Date "1984.02.24"]
[Round "9"]
[White "Hjartarson, Johann"]
[Black "Petursson, Margeir"]
[Result "1/2-1/2"]
[WhiteElo "2415"]
[BlackElo "2465"]
[EventDate "1984.02.14"]
[PlyCount "47"]

1.d4 d5 2.c4 e6 3.Nf3 c5 4.cxd5 exd5 5.g3 Nc6 6.Bg2 Nf6 7.Nc3 Be7 8.O-O 
O-O 9.dxc5 Bxc5 10.Bg5 d4 11.Bxf6 Qxf6 12.Nd5 Qd8 13.Nd2 Re8 14.Re1 Bg4 
15.Rc1 Bf8 16.Nb3 Rc8 17.Nxd4 Nxd4 18.Qxd4 Bxe2 19.Qxa7 Ba6 20.Qd4 Rc2 21.
Bf1 Bxf1 22.Rxf1 Ree2 23.Rxc2 Rxc2 24.Qe5 1/2-1/2

[Event "11th Reykjavik op"]
[Site "Reykjavik ISL"]
[Date "1984.02.24"]
[Round "9"]
[White "Hoei, Carsten"]
[Black "Arnason, Asgeir Thor"]
[Result "1/2-1/2"]
[WhiteElo "2400"]
[BlackElo "2260"]
[EventDate "1984.02.14"]
[PlyCount "23"]

1.d4 Nf6 2.c4 d6 3.Nf3 g6 4.Nc3 Bg7 5.e4 O-O 6.h3 e5 7.d5 Nh5 8.Nh2 Qe8 9.
Be3 f5 10.Qc2 Na6 11.O-O-O Nc5 12.Kb1 1/2-1/2

[Event "11th Reykjavik op"]
[Site "Reykjavik ISL"]
[Date "1984.02.24"]
[Round "9"]
[White "Jonsson, Bjorgvin"]
[Black "Gretarsson, Andri Ass"]
[Result "1-0"]
[WhiteElo "2255"]
[BlackElo "2225"]
[EventDate "1984.02.14"]
[PlyCount "47"]

1.d4 Nf6 2.c4 g6 3.Nc3 Bg7 4.e4 d6 5.Nf3 O-O 6.Be2 e5 7.O-O Nbd7 8.Re1 c6 
9.Bf1 Ne8 10.Bg5 f6 11.Be3 f5 12.Bg5 Qc7 13.c5 fxe4 14.cxd6 Nxd6 15.Nxe4 
Nxe4 16.Rxe4 exd4 17.Be7 Rf4 18.Qb3+ Kh8 19.Ng5 Be5 20.Rxf4 Bxf4 21.Qf7 
Bxg5 22.Bc4 Qxh2+ 23.Kxh2 Bf4+ 24.Kh1 1-0

[Event "11th Reykjavik op"]
[Site "Reykjavik ISL"]
[Date "1984.02.24"]
[Round "9"]
[White "Josteinsson, Leifur"]
[Black "Bjornsson, Tomas"]
[Result "0-1"]
[WhiteElo "2275"]
[BlackElo "2220"]
[EventDate "1984.02.14"]
[PlyCount "66"]

1.d4 d5 2.Nf3 Nf6 3.c4 c6 4.cxd5 cxd5 5.Nc3 Nc6 6.Bg5 Ne4 7.Bd2 g6 8.e3 
Nxd2 9.Nxd2 Bg7 10.Qb3 e6 11.Be2 O-O 12.f4 Bd7 13.O-O a6 14.Nf3 b5 15.Rfc1
Qe7 16.Nd1 Na5 17.Qc3 Nc6 18.Nf2 Rfc8 19.Qd2 f6 20.Nd3 Kh8 21.Nc5 e5 22.
Nxd7 Qxd7 23.Rc2 exf4 24.exf4 Bf8 25.a3 Bd6 26.Nh4 Nxd4 27.Rxc8+ Rxc8 28.
Bd3 Nb3 29.Qd1 Nxa1 30.g3 Qh3 31.Ng2 Nb3 32.Bc2 Nd4 33.Bd3 Qh5 0-1

[Event "11th Reykjavik op"]
[Site "Reykjavik ISL"]
[Date "1984.02.24"]
[Round "9"]
[White "Karlsson, Agust Sindri"]
[Black "Bergmann, Throstur"]
[Result "1/2-1/2"]
[WhiteElo "2285"]
[BlackElo "2240"]
[EventDate "1984.02.14"]
[PlyCount "38"]

1.g3 Nf6 2.Bg2 e6 3.Nf3 b6 4.d3 d5 5.O-O Bb7 6.Nbd2 Be7 7.e4 dxe4 8.Ng5 
O-O 9.Ndxe4 Nxe4 10.Nxe4 Qc8 11.Re1 Nd7 12.Bd2 Nf6 13.Bc3 Nxe4 14.dxe4 Rd8
15.Qg4 Bf8 16.Rad1 Rxd1 17.Rxd1 Qe8 18.Bf1 Rd8 19.Rxd8 Qxd8 1/2-1/2

[Event "11th Reykjavik op"]
[Site "Reykjavik ISL"]
[Date "1984.02.24"]
[Round "9"]
[White "King, Daniel John"]
[Black "Olafsson, Fridrik"]
[Result "1/2-1/2"]
[WhiteElo "2435"]
[BlackElo "2495"]
[EventDate "1984.02.14"]
[PlyCount "91"]

1.Nf3 Nf6 2.d4 g6 3.Bg5 Bg7 4.Nbd2 c5 5.Bxf6 Bxf6 6.Ne4 Qb6 7.Nxf6+ Qxf6 
8.c3 d6 9.e3 O-O 10.Be2 Nc6 11.d5 Ne5 12.O-O Nxf3+ 13.Bxf3 Rb8 14.a4 h5 
15.a5 b6 16.axb6 Rxb6 17.Qc2 a6 18.Be2 Qg5 19.Bc4 Qe5 20.e4 Qf4 21.Rfe1 h4
22.Re3 Kg7 23.Qe2 Bg4 24.Qc2 Bd7 25.b3 Bb5 26.Bxb5 axb5 27.Ra7 Qe5 28.Re1 
Rbb8 29.Qd2 b4 30.cxb4 Rxb4 31.f4 Qf6 32.e5 Qxf4 33.Qxf4 Rxf4 34.Rxe7 dxe5
35.Rc7 Rd8 36.d6 Rxd6 37.Rxc5 Rd2 38.Rf1 Rxf1+ 39.Kxf1 h3 40.gxh3 Rxh2 41.
Rc3 Rb2 42.Ke1 f5 43.Kd1 f4 44.Kc1 Rg2 45.b4 Rg1+ 46.Kd2 1/2-1/2

[Event "11th Reykjavik op"]
[Site "Reykjavik ISL"]
[Date "1984.02.24"]
[Round "9"]
[White "Meyer, Holger"]
[Black "Sigurjonsson, Gudmundur"]
[Result "0-1"]
[WhiteElo "2305"]
[BlackElo "2470"]
[EventDate "1984.02.14"]
[PlyCount "91"]

1.d4 Nf6 2.c4 e6 3.Nc3 Bb4 4.e3 c5 5.Ne2 b6 6.a3 Ba5 7.Rb1 Qe7 8.d5 exd5 
9.cxd5 Ne4 10.f3 Nxc3 11.Nxc3 O-O 12.Be2 Ba6 13.Bxa6 Nxa6 14.Qd3 Bxc3+ 15.
bxc3 Qh4+ 16.g3 c4 17.Qf1 Qf6 18.Qxc4 b5 19.Qd4 Qxf3 20.Rf1 Qh5 21.Rxb5 
Qxh2 22.Qf4 Rac8 23.Rf2 Qh1+ 24.Rf1 Qh3 25.Qd6 Rxc3 26.Bd2 Rc2 27.Qf4 h6 
28.Qf3 d6 29.Rb7 Rc7 30.Rxc7 Nxc7 31.Bc3 Qd7 32.g4 Rb8 33.Qe4 Na6 34.g5 
hxg5 35.Qd4 f6 36.Ke2 Nc5 37.Rh1 Rc8 38.Qb4 a5 39.Qb1 Qg4+ 40.Kf1 Qf3+ 41.
Kg1 Qxe3+ 42.Kf1 Qf3+ 43.Kg1 Qg3+ 44.Kf1 Qf3+ 45.Kg1 Qxc3 46.Qh7+ 0-1

[Event "11th Reykjavik op"]
[Site "Reykjavik ISL"]
[Date "1984.02.24"]
[Round "9"]
[White "Olafsson, Helgi"]
[Black "Lobron, Eric"]
[Result "1-0"]
[WhiteElo "2445"]
[BlackElo "2520"]
[EventDate "1984.02.14"]
[PlyCount "97"]

1.d4 Nf6 2.c4 e6 3.Nf3 c5 4.d5 exd5 5.cxd5 d6 6.Nc3 g6 7.Bf4 a6 8.a4 Bg7 
9.e4 O-O 10.Be2 Bg4 11.O-O Bxf3 12.Bxf3 Ne8 13.Qb3 b6 14.Nb1 Nd7 15.Na3 
Qf6 16.Bg3 h5 17.h3 Qxb2 18.Rab1 Qf6 19.Rfe1 Qe7 20.Be2 Be5 21.Nc4 Bd4 22.
Nxb6 Nxb6 23.Qxb6 h4 24.Bh2 Qxe4 25.Bxa6 Qc2 26.Kh1 Nf6 27.Bxd6 Rfe8 28.
Bb5 Rxe1+ 29.Rxe1 Qd2 30.Rf1 Ne4 31.Qc7 Bxf2 32.Bf4 Qxd5 33.Qc6 Rd8 34.
Qxd5 Rxd5 35.Rc1 g5 36.Bc6 Rd8 37.Be5 Be3 38.Rb1 Nf2+ 39.Kh2 g4 40.g3 Rd2 
41.Rb8+ Kh7 42.Rb2 hxg3+ 43.Kxg3 Bf4+ 44.Kxf4 Nd3+ 45.Ke3 Nxb2 46.Be4+ Kg8
47.Kxd2 Nc4+ 48.Kc3 Nxe5 49.hxg4 1-0

[Event "11th Reykjavik op"]
[Site "Reykjavik ISL"]
[Date "1984.02.24"]
[Round "9"]
[White "Ostermeyer, Peter"]
[Black "Byrne, Robert"]
[Result "1-0"]
[WhiteElo "2460"]
[BlackElo "2520"]
[EventDate "1984.02.14"]
[PlyCount "83"]

1.d4 Nf6 2.c4 g6 3.Nc3 Bg7 4.e4 d6 5.f3 c6 6.Be3 a6 7.a4 a5 8.Qd2 Na6 9.
Rd1 Nb4 10.Nge2 O-O 11.g4 d5 12.cxd5 cxd5 13.e5 Ne8 14.h3 f6 15.f4 fxe5 
16.dxe5 e6 17.h4 Qe7 18.Nd4 Nc7 19.Qh2 Bd7 20.h5 gxh5 21.Qxh5 Bh8 22.Rd2 
Rf7 23.Nf3 Raf8 24.Rdh2 Rg7 25.Qh3 Be8 26.Nd4 Bd7 27.Kd2 Nca6 28.g5 Nc5 
29.Be2 Be8 30.Bg4 Bg6 31.Bxe6+ Nxe6 32.Qxe6+ Qf7 33.Qd6 Bf5 34.Rh6 Rg6 35.
e6 Qe8 36.Rxh7 Bg7 37.Rxg7+ Rxg7 38.Rh6 Be4 39.Nxe4 dxe4 40.f5 Qb8 41.Qxb8
Rxb8 42.f6 1-0